5HLuxD.jpg

KING HENRY VIII SENIOR AND PRIMARY SCHOOL LIBRARY OPAC

Romeo and Juliet / (Record no. 2822)

000 -LEADER
fixed length control field 00825cam a2200277 a 4500
001 - CONTROL NUMBER
control field 01027864
003 - CONTROL NUMBER IDENTIFIER
control field OSt
005 - DATE AND TIME OF LATEST TRANSACTION
control field 20230823082702.0
008 - FIXED-LENGTH DATA ELEMENTS--GENERAL INFORMATION
fixed length control field 080320s2007 enka 000 1 eng d
020 ## - INTERNATIONAL STANDARD BOOK NUMBER
International Standard Book Number 9781405087308 (pbk.)
040 ## - CATALOGING SOURCE
Original cataloging agency NCTU
Transcribing agency KH8
041 0# - LANGUAGE CODE
Language code of text/sound track or separate title eng
082 ## - DEWEY DECIMAL CLASSIFICATION NUMBER
Classification number 400 BLA
100 1# - MAIN ENTRY--PERSONAL NAME
Personal name Shakespeare, William,
Relator term author.
245 10 - TITLE STATEMENT
Title Romeo and Juliet /
Statement of responsibility, etc. William Shakespeare.
260 ## - PUBLICATION, DISTRIBUTION, ETC.
Place of publication, distribution, etc. Oxford :
Name of publisher, distributor, etc. Macmillan,
Date of publication, distribution, etc. c2007.
300 ## - PHYSICAL DESCRIPTION
Extent 87 p. :
Other physical details ill. ;
Dimensions 20 cm.
440 #0 - SERIES STATEMENT/ADDED ENTRY--TITLE
Title Macmillan Readers.
Number of part/section of a work 4,
Name of part/section of a work Pre-intermediate level.
650 #0 - SUBJECT ADDED ENTRY--TOPICAL TERM
Topical term or geographic name entry element Readers
Form subdivision Conflict of generations.
650 #0 - SUBJECT ADDED ENTRY--TOPICAL TERM
Topical term or geographic name entry element Readers
Form subdivision Vendetta.
650 #0 - SUBJECT ADDED ENTRY--TOPICAL TERM
Topical term or geographic name entry element Readers
Form subdivision Love stories.
650 #0 - SUBJECT ADDED ENTRY--TOPICAL TERM
Topical term or geographic name entry element Readers
Form subdivision Tragedies.
650 #0 - SUBJECT ADDED ENTRY--TOPICAL TERM
Topical term or geographic name entry element Readers
General subdivision Romeo (Fictitious character)
650 #0 - SUBJECT ADDED ENTRY--TOPICAL TERM
Topical term or geographic name entry element Readers
General subdivision Juliet (Fictitious character)
942 ## - ADDED ENTRY ELEMENTS (KOHA)
Source of classification or shelving scheme
Koha item type Teaching Resources
Holdings
Withdrawn status Lost status Source of classification or shelving scheme Damaged status Not for loan Collection code Permanent Location Current Location Shelving location Date acquired Total Checkouts Full call number Barcode Date due Date last seen Date last checked out Price effective from Koha item type
          Teaching Resources KH8 Senior School Library KH8 Senior School Library Staff Office 2023-08-23 1 400 BLA TRKHSL002257 2025-07-04 2024-11-08 2024-11-08 2023-08-23 Teaching Resources

Powered By KH8 IT Dept